000 00718nab a22002297a 4500
001 09369
003 HDC
007 cr bn ---aaaaa
008 210128c20120630my ||||| |||| 00| 00eng d
040 _aHDC
245 0 _aTetra Pak identifies dairy industry's next big opportunity
336 _atext
_2rdacontent
337 _acomputer
_2rdamedia
338 _aonline resource
_2rdacarrier
650 _aBusiness
_9207
650 _aFood industry
_9536
710 _aMalaysia SME
856 _zRequest full-text at [email protected]
942 _2lcc
942 _cNEWS
942 _kNWSC 003989
999 _c6692
_d6692